Temporomandibular disorders: a clinical approach (Record no. 59631)

MARC details
000 -LEADER
fixed length control field 00736nam a2200205 a 4500
008 - FIXED-LENGTH DATA ELEMENTS--GENERAL INFORMATION
fixed length control field 150619s1995 ||||||||||||||||| || u
020 ## - INTERNATIONAL STANDARD BOOK NUMBER
International Standard Book Number 0904588440
050 ## - LIBRARY OF CONGRESS CALL NUMBER
Classification number RK 470 Gra
100 ## - MAIN ENTRY--PERSONAL NAME
Personal name Davies, S. J
245 10 - TITLE STATEMENT
Title Temporomandibular disorders: a clinical approach
Statement of responsibility, etc. By R.J.M. Gray, S.J. Davies [and] A.A. Quayle
260 ## - PUBLICATION, DISTRIBUTION, ETC.
Place of publication, distribution, etc. London:
Name of publisher, distributor, etc. British Dental Association
Date of publication, distribution, etc. 1995
300 ## - PHYSICAL DESCRIPTION
Extent v,84p.:ill.
350 ## - PRICE (NR) (BK AM CF MU VM SE) [OBSOLETE]
Price 38.00
650 ## - SUBJECT ADDED ENTRY--TOPICAL TERM
Topical term or geographic name entry element TEMPOROMANDIBULAR JOINT
650 ## - SUBJECT ADDED ENTRY--TOPICAL TERM
Topical term or geographic name entry element JOINT DISEASES
650 ## - SUBJECT ADDED ENTRY--TOPICAL TERM
Topical term or geographic name entry element TEMPOROMANDIBULAR JOINT--DISEASES
700 ## - ADDED ENTRY--PERSONAL NAME
Personal name Gray, R. J. M
700 ## - ADDED ENTRY--PERSONAL NAME
Personal name Quayle, A. A
995 ## - RECOMMENDATION 995 [LOCAL, UNIMARC FRANCE]
-- CBU-MAIN LIBRARY (Kitwe)
-- 38.00
-- 1
-- AVAILABLE
-- Jun 25, 2015
-- Short Loan Collection
Holdings
Withdrawn status Lost status Source of classification or shelving scheme Damaged status Not for loan Home library Current library Shelving location Date acquired Total Checkouts Full call number Barcode Date last seen Price effective from Koha item type
          CBU-MAIN LIBRARY, KITWE. CBU-MAIN LIBRARY, KITWE.   11/30/2022   RK 470 Gra 903001 11/30/2022 11/30/2022 MONOGRAPH